The tory tradition (Record no. 37326)

MARC details
000 -LEADER
campo de control de longitud fija 00829nam a2200229 i 4500
001 - NÚMERO DE CONTROL
campo de control 37326
003 - IDENTIFICADOR DE NÚMERO DE CONTROL
campo de control ES-MaACL
005 - FECHA Y HORA DE LA ÚLTIMA TRANSACCIÓN
campo de control 20250905140714.0
007 - CAMPO FIJO DE DESCRIPCIÓN FÍSICA--INFORMACIÓN GENERAL
campo de control de longitud fija t|
008 - DATOS DE LONGITUD FIJA--INFORMACIÓN GENERAL
campo de control de longitud fija 030220s1914 xxk ||||1| eng d
100 1# - ENTRADA PRINCIPAL--NOMBRE DE PERSONA
Nombre de persona Butler, Geoffrey G.
9 (RLIN) 32943
245 14 - MENCIÓN DEL TÍTULO
Título The tory tradition
Resto del título : Bolingbroke, Burke, Disraeli, Salisbury /
Mención de responsabilidad, etc. by Geoffrey G. Butler.
260 ## - PUBLICACIÓN, DISTRIBUCIÓN, ETC.
Lugar de publicación, distribución, etc. London :
Nombre del editor, distribuidor, etc. John Murray,
Fecha de publicación, distribución, etc. 1914.
300 ## - DESCRIPCIÓN FÍSICA
Extensión XI, 143 p. ;
Dimensiones 19 cm.
600 14 - PUNTO DE ACCESO ADICIONAL DE MATERIA--NOMBRE DE PERSONA
Nombre de persona Bolingbroke, Henry St. John,
Títulos y otros términos asociados al nombre Viscount (
Fechas asociadas al nombre 1678-1751)
9 (RLIN) 156795
600 04 - PUNTO DE ACCESO ADICIONAL DE MATERIA--NOMBRE DE PERSONA
Nombre de persona Burke, Edmund,
Fechas asociadas al nombre 1729-1797
9 (RLIN) 32698
600 14 - PUNTO DE ACCESO ADICIONAL DE MATERIA--NOMBRE DE PERSONA
Nombre de persona Disraeli, Benjamin,
Fechas asociadas al nombre 1804-1881
9 (RLIN) 44878
600 17 - PUNTO DE ACCESO ADICIONAL DE MATERIA--NOMBRE DE PERSONA
Nombre de persona Salisbury, Robert Cecil,
Títulos y otros términos asociados al nombre Marquess of,
Fechas asociadas al nombre 1830-1903
Fuente del encabezamiento o término
9 (RLIN) 156796
610 24 - PUNTO DE ACCESO ADICIONAL DE MATERIA--NOMBRE DE ENTIDAD CORPORATIVA
Nombre de entidad corporativa o nombre de jurisdicción como elemento de entrada Conservative Party (Gran Bretaña)-
Subdivisión de forma Historia.
9 (RLIN) 156794
852 ## - LOCALIZACIÓN
Ubicación ES-MaACL
Número de control de estantería D-1738
Holdings
Estatus retirado Estado de pérdida Estado de daño No para préstamo Biblioteca de origen Biblioteca actual Ubicación en estantería Fecha de adquisición Fuente de adquisición Total de préstamos Signatura topográfica completa Código de barras Visto por última vez Precio de reemplazo Tipo de ítem Koha
        Biblioteca del Ateneo de Madrid Biblioteca del Ateneo de Madrid Sala Valle Inclán 17/01/2008     D-1738 901039281 23/02/2023 23/02/2023 Libro impreso